| 000 | 00605nam a2200241Ia 4500 | ||
|---|---|---|---|
| 003 | OSt | ||
| 005 | 20230424162442.0 | ||
| 008 | 210423s2012 xx 000 0 und d | ||
| 020 | _a9780071333368 | ||
| 040 | _cAL | ||
| 041 | _aeng | ||
| 082 |
_a339.3 _223 _bSAMP |
||
| 100 |
_aSAMUELSON (Paul A);NORDHAUS (William D) _992198 |
||
| 245 | _aMacroeconomics. | ||
| 250 | _a19 | ||
| 260 |
_aNew Delhi _bTata McGraw-hill _c2012 |
||
| 300 |
_axxxviii,571 _bPB |
||
| 365 |
_b525 _cINR |
||
| 650 |
_aEconomics _992199 |
||
| 650 |
_aMacroeconomics _992200 |
||
| 906 | _aMacroeconomics. | ||
| 942 |
_2ddc _cBK |
||
| 999 |
_c160945 _d160945 |
||